[Event "ROM-ch"]
[Site "Iasi"]
[Date "1999.12.21"]
[Round "9"]
[White "Berescu, Alin Mile"]
[Black "Rogozenco, Dorian"]
[Result "0-1"]
[WhiteElo "2386"]
[BlackElo "2577"]
[Annotator "Rogozenco,D"]
[PlyCount "150"]
[EventDate "1999.12.13"]
[EventType "tourn"]
[EventRounds "15"]
[EventCountry "ROU"]
[EventCategory "9"]
[SourceTitle "CBM 075"]
[Source "ChessBase"]
[SourceDate "2000.04.05"]
[SourceVersion "1"]
[SourceVersionDate "2000.04.05"]
[SourceQuality "1"]

{This game is memorable to me first of all because of its Rook ending.} 1. e4
c5 2. Nf3 Nc6 3. d4 cxd4 4. Nxd4 Nf6 5. Nc3 e5 6. Ndb5 d6 7. Bg5 a6 8. Na3 b5
9. Nd5 Be7 10. Bxf6 Bxf6 11. c3 Ne7 {Hoping to complicate things a little bit.
Although I never played it before, this move is very interesting and became
very popular lately.} 12. Nxf6+ {Strongest.} (12. Nc2 Nxd5 13. Qxd5 $11) 12...
gxf6 13. Qd2 Bb7 (13... f5 $5 {Deserves serious atention.} 14. O-O-O fxe4 15.
Nxb5 d5 $132 16. Qg5 $2 Rg8 $1 17. Qxe5 axb5 18. Bxb5+ Kf8 19. Bc4 Be6 $19 {
1-0 Nisipeanu,L-Lisko,F/Bad Wiesse 1998 (47)}) 14. O-O-O (14. Bd3 d5 15. exd5
Qxd5 16. O-O-O O-O-O 17. Qh6 Qe6 18. f3 Nd5 19. g4 Kb8 {and Black has a very
comfortable position, Onischuk-Krasenkow/ Bundesliga 1998-99,1:0 (57)}) 14...
Bxe4 (14... d5 {Probably better than the game.} 15. exd5 Qxd5 16. Qh6 Qc6 17.
Nc2 Qe6 18. f4 Ng6 19. fxe5 fxe5 $13 20. h4 {1/2-1/2 Zozulia,A-Maksimovic,S/
Nova Gorica 1999 (44)}) 15. Qxd6 Qxd6 16. Rxd6 f5 {This novelty doesn't change
the evaluation - White is slightly better.} (16... Rg8 $5 17. f3 Bd5 18. Rxf6 (
18. Kb1 $5 f5 19. c4 bxc4 20. Nxc4 Bxc4 21. Bxc4 Rxg2 22. Rf6 $36) 18... Bxa2
$11 {0,5 Sziebert-Boros/Hun-chT/1995 (38)}) 17. f3 Bc6 18. c4 (18. Be2) 18...
O-O 19. Nc2 Rfc8 $1 20. b3 Kg7 21. Ne3 $6 (21. Be2 $11) 21... f4 22. Nc2 Nf5
23. Rd2 Ne3 24. Nxe3 fxe3 25. Rd3 bxc4 26. Rxe3 (26. bxc4 Bb5 27. Rxe3 Bxc4 28.
Bxc4 Rxc4+ 29. Kb1 Rb8+ (29... Rac8 30. Rxe5 Rb4+ 31. Ka1 Rc2 32. Rg5+ $11) 30.
Rb3 Rbc8 31. Rb2 $15) 26... cxb3 27. axb3 Bxf3+ (27... Kf6 28. Bc4 Bb5 29. Rc3
$11) 28. Kb2 Bd5 29. Rxe5 Be6 30. Be2 $11 Rab8 31. Re3 a5 32. Ra1 Rc5 33. Rg3+
Kf8 34. Ra4 Re5 35. Bg4 $6 (35. Bc4 $11) 35... f5 36. Bd1 Rd8 $40 37. Bh5 Rd2+
38. Kc3 Rf2 39. Kd4 $2 (39. b4 $8 f4 40. Rf3) 39... Rb5 40. Ke3 Rb2 (40... f4+
$1 {with several seconds on the clock I missed this move, but the game
continuation wins anyway.} 41. Kxf2 fxg3+ 42. Kxg3 Rxh5 43. b4 axb4 44. Rxb4
$19 {There are some technical problems, but the position is winning.}) 41. Kf4
R2xb3 42. Rxb3 Bxb3 43. Ra1 (43. Ra3 a4 44. Be2 Rd5 45. Bf3 Rc5 $19) 43... a4
44. Be2 Ra5 $2 {After this mistake it turns out that White has good chances to
save the game.} (44... Rd5 45. Ke3 Ke7 {and Black must be winning without
major difficulties. The difference from the game is the positions of the
Bishops.}) 45. Bd3 $1 Be6 (45... a3 $6 46. Bxf5 a2 $2 (46... h5 $17) 47. Bxh7
Rd5 48. Bc2 $1 (48. Bb1) 48... Bxc2 49. Rxa2 $11 {was not exactly what I
wanted.}) 46. Ra3 Bd7 $17 47. Ke3 Ke7 48. Kd4 Kd6 49. Bc2 h5 50. Kc3 (50. g3
$17) 50... Kc5 51. Bd1 h4 52. Kb2 Rb5+ 53. Ka2 $1 (53. Ka1 Rb4 54. Rh3 (54.
Rc3+ Kd4 55. Rh3 Ke5 56. Ka2 Bc6 $19) 54... Rd4 $19) 53... Be6+ $5 {I decided
to go for a Rook endgame, feeling that I lost the right way with the Bishops
on the board. The Rook endgame is drawish, but my opponent had about 5 minutes
left and still had to make some precise moves.} (53... Rb4 {Probably stronger,
but I had enough with Bishops on the board.} 54. Rc3+ Kd4 (54... Rc4 $2 55.
Rxc4+ Kxc4 56. g3 {with an easy draw.}) 55. Rc7 $17 (55. Rh3 Ke5 56. Ka3 Rd4
57. Bc2 Rd2 $19) (55. Rf3 Ke5 56. Bc2 f4 $17)) 54. Ka1 Bb3 55. Bxb3 axb3 56.
Ra4 {This is what I meant. The obvious Rook's move is losing. My opponent told
me after the game that he was convinced this is a draw. But it looks like
Black is winning in all variations.} (56. Kb2 $1 {[%csl Gc2,Gc3] this move is
probably the only one to make a draw. It turns out that it is very important
to take away the squares c2 and c3 from Black's King.} h3 (56... f4 57. Ra4 (
57. h3 $2 Kd4 $19) 57... Rb4 58. Ra5+ Kd4 59. Rh5 $11 Ke3 60. Rxh4 Rd4 61. Kxb3
Rd2 62. Rg4 $11) 57. g3 $8 Kd4 58. Ra4+ (58. Ra8 Re5 59. Rd8+ Kc4 60. Rc8+ Kd3
61. Rd8+ Ke2 62. Rh8 Re3 $19) 58... Ke3 59. Rh4 $11 (59. Rf4 $2 Rd5 60. Kxb3
Rd3+ 61. Kc4 Rd2 $19)) (56. Ra8 Kd4 $1 {and Black is probably winning - look
the variations on the next move.}) 56... h3 $1 (56... Rb4 {brings nothing} 57.
Ra5+ Rb5 $8 {Black must repeat the position anyway.} (57... Kd4 58. Rxf5 $11)
58. Ra8 (58. Ra4 h3 {and we have the same position - 56. ... h3.}) 58... Kd4 {
an important position for the whole endgame. I think Black wins here.} 59. Rh8
(59. Kb2 f4 60. Rh8 (60. Rg8 h3 $19) 60... Rg5 61. Rxh4 Rxg2+ 62. Kxb3 Ke3 {
and wins}) (59. Ra4+ Kc3 60. Ra8 f4 (60... Kd3 $19) 61. Rh8 Rg5 $19) 59... Kc3
60. Rc8+ (60. Rxh4 Rd5 61. Rh3+ Kc2 $19) (60. Kb1 Re5 61. Rc8+ Kd3 62. Rd8+ Ke3
63. Rh8 (63. Rg8 h3 64. g3 Kf2 $19) 63... Kf2 64. Rg8 Re4 65. Rg5 Rg4 66. Rxf5+
Kxg2 $19) 60... Kd3 61. Kb2 (61. Rh8 f4 62. Rg8 (62. Kb1 Rg5 63. Rxh4 Ke3 64.
Rh3+ Ke4 65. Rxb3 Rxg2 66. Kc1 f3 67. Rb4+ Ke5 68. Rb5+ Kd4 69. Rf5 (69. Rb4+
Kc3) 69... Ke4 70. Rf8 Ke3 71. Re8+ Kf2 $19) 62... h3 $19) 61... f4 62. Rc3+ (
62. Rg8 h3) 62... Ke2 63. Rf3 Rb4 64. h3 Ke1 {and White is in zugzwang -
Black's King reaches the pawns.} 65. Rd3 Kf1 66. Rd2 Re4 $19) 57. g3 (57. Rf4
hxg2 58. Rxf5+ Kb4 59. Rf4+ Ka3 60. Rg4 Rf5 $19) (57. gxh3 Kd5 58. h4 (58. Kb2
Ke5 59. h4 f4 60. h5 Rb6) 58... Ke5 59. h5 f4 (59... Rb6 60. Rh4 Rh6 61. Kb2 f4
62. Rh3 Ke4 63. Rxb3 f3 $19 {also wins}) 60. h6 Rb7 61. Kb2 (61. Ra8 Rf7 62.
Rg8 f3 63. Rg7 Kf6 $19) 61... f3 62. Ra8 Rf7 $19) 57... Rb4 58. Ra5+ Kd4 59.
Rxf5 Ra4+ 60. Kb2 (60. Kb1 Ra2 $19) 60... Ra2+ 61. Kxb3 Rxh2 62. Rh5 {Without
the pawn on g3, White would've achieved a theoretical draw after 62.Rf3. But
here this is pointless.} (62. g4 Rg2 63. Rh5 h2 64. g5 Ke3 65. g6 Kf2 66. g7
Kg1 {just in time.}) (62. Rf3 Re2 $19) 62... Ke4 63. g4 Rh1 (63... Kf4 64. g5
Kg4 65. Rh8 Kxg5 $19) 64. g5 (64. Rh8 Kf4 65. Rc8 h2 66. Rc4+ Kg5 67. Rc5+ Kxg4
68. Rc4+ Kf5 $19) 64... Kf5 65. g6+ (65. Kb2 Kg6 66. Rh8 Kxg5 67. Rc8 Rh2+ 68.
Kb3 Rg2 $19) 65... Kxg6 66. Rh8 Kf5 67. Kc2 Kg4 68. Rg8+ Kf3 69. Rf8+ Kg2 70.
Rg8+ Kh2 71. Kd2 Rg1 72. Rf8 Kg2 73. Rg8+ Kh1 74. Rh8 Rg3 75. Ke2 Kg2 0-1

[Event "Linares 19th"]
[Site "Linares"]
[Date "2002.02.28"]
[Round "5"]
[White "Anand, Viswanathan"]
[Black "Ivanchuk, Vassily"]
[Result "1/2-1/2"]
[WhiteElo "2757"]
[BlackElo "2717"]
[Annotator "Rogozenco,D"]
[PlyCount "98"]
[EventDate "2002.02.22"]
[EventType "tourn"]
[EventRounds "14"]
[EventCountry "ESP"]
[EventCategory "20"]
[SourceTitle "CBM 088"]
[Source "ChessBase"]
[SourceDate "2002.03.21"]
[SourceVersion "1"]
[SourceVersionDate "2002.03.21"]
[SourceQuality "1"]

1. e4 c5 2. Nf3 Nc6 3. d4 cxd4 4. Nxd4 Nf6 5. Nc3 e5 6. Ndb5 d6 7. Bg5 a6 8.
Na3 b5 9. Bxf6 gxf6 10. Nd5 f5 11. c3 {After many years of experience with
Sveshnikov Sicilian I tend to think that most difficult part of this opening
is to handle possible transpositions.} (11. Bd3 Be6 12. O-O Bg7 (12... Bxd5
$142 13. exd5 Ne7) 13. Qh5 $1 f4 14. c4 $14) 11... Bg7 12. Bd3 Be6 13. Qh5 (13.
O-O {We reach the position from the previous annotation when White played 13.
c3 instead of the strongest 13.Qh5 followed by 14.c4.} O-O {Black doesn't
necessary need to take on d5.} (13... Bxd5 14. exd5 Ne7 15. Qh5 e4 {leads to a
very fashionable direction of Sveshnikov Sicilian for last several years.}) 14.
Qh5 f4 {is a transposition to the line which Anand used to play last year, see
14.0-0 instead of 14.exf5 from the game.}) 13... O-O (13... f4 {looks dubious
because of 14.g3.}) (13... b4 $5 {is an interesting alternative. The position
after} 14. cxb4 Bxd5 15. exd5 Nxb4 16. Qxf5 Nxd5 17. Nc4 Ne7 18. Qh5 {needs
more practical tests.}) 14. exf5 {A new try from Anand to fight against
Sveshnikov Sicilian, although it is probably the oldest line of this opening.
In the years 1975-1978 this variation was White's main attempt to play against
5. ... e5 and the final verdict was that Black is okay, so White started to
look for different ways. But as usual in such cases at one point after many
years one discovers that there is still a lot of unexplored territory and the
assessment of a certain line can be reconsidered. It is amazing that most
often after the second wave of popularity, which can last for several years,
the previous evaluation proves to be more or less correct, even if many new
ideas are found.  In the last two decades there were almost no games played on
the high level with this particular line. I've already mentioned with other
occasions that things seem to be far from clear in this line and there is
finally a game from the world top Grandmasters.} (14. O-O f4 15. Rad1 Kh8 16.
g3 {Anand's novelty, which sets Black new problems. On the other hand Black's
position proved to have sufficient resources even after this:} Rg8 17. Kh1 Bf8
18. Be2 Rg5 19. Qf3 f5 20. gxf4 exf4 (20... fxe4 21. Qxe4 Bf5 22. Qe3 $13 {
1/2-1/2 Anand,V-Leko,P/Wijk aan Zee 2001 (34)}) 21. Nxf4 Bxa2 22. c4 (22. exf5
Rxf5 23. Qe4 Rf7 24. Bh5 Rf6 25. c4 Ne5 26. c5 Rc8 27. cxd6 Bxd6 $17 {0-1
Anand,V-Topalov,V/Monte Carlo 2001 (30)}) 22... fxe4 23. Qxe4 Qe8 24. Bf3 Qxe4
25. Bxe4 Rc8 26. Ne6 Re5 27. Bxc6 Rxc6 28. Nxf8 b4 29. Nc2 Bxc4 $13 {/= 1-0
Anand,V-Hernandez,G/Merida 2001 (53)}) 14... Bxd5 15. f6 h6 $5 {It is amazing
that this natural move wasn't played in the GM practice before.} (15... e4 16.
fxg7 Re8 17. Be2 Re5 18. Qh6 {is the main line and we can only guess what had
Anand in mind here.}) 16. fxg7 (16. Qf5 {This move can transposes to the main
line from the previous comment, with the insignificant factor that black pawn
is on h6 instead of h7. What is more important, is that White doesn't have the
move Qh6 after being attacked with Re5:} e4 17. fxg7 Re8 18. Be2 Re5 19. Qf4 (
19. Qh3 Qg5 $15) 19... Qg5 20. Qxg5 Rxg5 (20... hxg5 $5) 21. Nc2 {The endgame 
(which can arise after 15. ... e4 as well) is slightly better for White.} Be6
22. Ne3 d5 23. f4 exf3 24. Bxf3 Ne5 25. O-O Rd8 26. Rad1 d4 27. cxd4 Nxf3+ 28.
Rxf3 Bxa2 {1/2-1/2 Diaz,J-Bletz,H/Germany 1995}) 16... Kxg7 17. Nc2 (17. Qf5 $6
Qg5 $1 {ignoring the 'threat"} 18. Qxg5+ (18. Qh7+ $2 Kf6 {it turns out that
White achieves nothing witpushing the king to f6. More than that, now White
queen is in trouble on h7.}) 18... hxg5 19. Nc2 Be6 20. a4 bxa4 21. Rxa4 a5 22.
Kd2 f5 23. Rha1 Rab8 $15 {1/2-1/2 Tokmachev,M-Samojlov,A/Serpukhov 1999 (39)})
(17. h4 $5 {This is a serious alternative to the text. White takes away square
g5 from black queen and prepares Rh3-g3.} Be6 18. g4 Rh8 19. Nc2 Qd7 20. g5 Ne7
21. gxh6+ Rxh6 22. Rg1+ Ng6 23. Qg5 Rah8 24. O-O-O Rh5 25. Qg3 R8h6 26. f4 $1
$40 {1-0 Gunnlaugsson,G-Stoere,T/Nordic-chT5 corr 1993 (34)}) 17... Be6 18. Ne3
(18. a4 {This is an option to be considered, since in the game Black was more
than okay.} f5 $5 $13 (18... bxa4 $6 19. Rxa4 a5 20. Ne3 $36)) 18... d5 19. h4
(19. Bf5 Qg5) 19... Qf6 20. Bf5 Bxf5 21. Nxf5+ Kh7 22. Rd1 (22. Rh3 Qg6) 22...
Rad8 23. Rh3 Qg6 24. Qxg6+ fxg6 25. Ne3 d4 $15 {White's opening strategy
failed and he ended up in a slightly inferior endgame, which Anand hold rather
easy.} 26. Nc2 Rf4 27. Rd2 h5 28. b3 Rd5 ({Deserved attention the following
plan:} 28... Kg7 29. Kd1 a5 30. Ke1 b4 31. cxd4 exd4 32. Kd1 Ne5 33. Ne1 Kf6 (
33... Rc8 34. Nd3 Nxd3 35. Rhxd3 Rxh4 36. Rxd4 Rh1+ 37. Ke2 $11) 34. Ke2 Rc8
$15 {/-/+} 35. Nd3 $140 $2 Re4+ 36. Kd1 Rc3 {with a big advantage.}) 29. Kd1
Kg7 30. Ke1 a5 31. Kd1 Kf6 32. Ke1 Rc5 33. cxd4 exd4 34. Kd1 Rd5 35. Ne1 Ne5
36. Ke2 Re4+ 37. Kd1 Rf4 38. Ke2 Re4+ (38... Rc5 39. Nd3 Re4+ 40. Re3 $1 $11 (
40. Kd1 Rc3) 40... dxe3 41. Nxc5 Rxh4 $11) 39. Kd1 a4 (39... Rc5 40. Nc2 Rd5
41. Ne1) 40. Nd3 axb3 41. axb3 Nxd3 42. Rdxd3 Ke5 43. Rdg3 Rg4 44. Kd2 Rc5 45.
f3 Rxg3 46. Rxg3 Kf6 47. Kd3 Rc3+ 48. Kxd4 Rxb3 49. Rg5 Rb4+ 1/2-1/2

[Event "Linares Anibal op 08th"]
[Site "Linares"]
[Date "2001.01.18"]
[Round "11"]
[White "Reinaldo Castineira, Roi"]
[Black "Eljanov, Pavel"]
[Result "1/2-1/2"]
[WhiteElo "2442"]
[BlackElo "2556"]
[Annotator "Rogozenco,D"]
[PlyCount "43"]
[EventDate "2001.01.08"]
[EventType "swiss"]
[EventRounds "11"]
[EventCountry "ESP"]
[SourceTitle "CBM 081"]
[Source "ChessBase"]
[SourceDate "2001.03.20"]
[SourceVersion "1"]
[SourceVersionDate "2001.03.20"]
[SourceQuality "1"]

1. e4 c5 2. Nc3 Nc6 3. Nge2 Nf6 4. d4 cxd4 5. Nxd4 e5 6. Ndb5 d6 7. Bg5 a6 8.
Na3 b5 9. Bxf6 gxf6 10. Nd5 f5 11. g3 Bg7 12. Bg2 (12. exf5 e4 13. c3 Ne5 $13)
12... O-O (12... fxe4 {is the main move.}) 13. exf5 e4 (13... Bxf5 {This
exchange sac looks the most appropriate choice in this position.} 14. Ne3 Ne7
$1 15. Nxf5 (15. Bxa8 Qxa8 16. O-O Be6 17. c3 d5 18. Qh5 d4 19. Ng4 dxc3 20.
bxc3 Qe4 21. Ne3 Nd5 22. Rae1 Nxe3 23. Rxe3 Qa4 24. Nb1 {1/2-1/2 Kotronias,
V-Prasad,D/Gausdal 1991}) 15... Nxf5 16. O-O (16. Bxa8 Qxa8 (16... Qxa8 17. O-O
Nd4 18. f3 e4 19. fxe4 Qxe4 20. c3 b4 $1 $44 {1/2-1/2 Kotz,H-Gerhold,M/AUT
1999/ (28)}) 17. O-O Nd4 18. f3 e4) 16... Ra7 17. c3 Ne7 $11 {1/2-1/2 Vehi
Bach,V-Cherniaev,A/Biel 1992/ (27)}) 14. c3 Bxf5 15. O-O Ne5 16. Ne3 {After
that a draw by repetition is the best for either side.} (16. f3 $142 exf3 17.
Bxf3 Be6 (17... Bh3 18. Bg2 Bxg2 19. Kxg2 Kh8 20. Nc2 $16 {1/2-1/2 Kundin,
A-Pridorozhni,A/Litohoto 1999/ (41)}) 18. Nc2 Qg5 19. Nf4 Nxf3+ 20. Qxf3 Qc5+
21. Rf2 $14 {1/2-1/2 Papp,J-Cmilyte,V/Oropesa del Mar 1999/ (45)}) 16... Bg6
17. Qd5 (17. f4 $2 exf3 18. Bxf3 Qb6 19. Qd2 Rae8 $19 {[%csl Re3][%cal Gg7h6]})
17... Rc8 18. Bxe4 Rc5 19. Qb7 Rc7 20. Qd5 Rc5 21. Qb7 Rc7 22. Qd5 1/2-1/2

[Event "HUN-ch"]
[Site "Lillafured"]
[Date "1999.02.06"]
[Round "6"]
[White "Sax, Gyula"]
[Black "Horvath, Csaba"]
[Result "1/2-1/2"]
[WhiteElo "2524"]
[BlackElo "2524"]
[Annotator "Rogozenco,D"]
[PlyCount "91"]
[EventDate "1999.02.01"]
[EventType "tourn"]
[EventRounds "9"]
[EventCountry "HUN"]
[EventCategory "13"]
[SourceTitle "CBM 070"]
[Source "ChessBase"]
[SourceDate "1999.06.08"]
[SourceVersion "1"]
[SourceVersionDate "1999.06.08"]
[SourceQuality "1"]

1. e4 c5 2. Nf3 Nc6 3. d4 cxd4 4. Nxd4 Nf6 5. Nc3 e5 6. Ndb5 d6 7. Bg5 a6 8.
Na3 b5 9. Bxf6 gxf6 10. Nd5 f5 11. Bd3 Be6 12. O-O Bxd5 13. exd5 Ne7 14. c3 Bg7
15. Qh5 e4 16. Bc2 Qc8 {This move was first introduced by Krasenkov. The idea
is to come as quick as possible to the best position - c5 square.} 17. Rae1 (
17. Rad1 Qc5 18. Bb3 (18. Bb1 b4 (18... Bxc3 $2 19. Rc1) 19. cxb4 Qxb4 20. Nc2
Qxb2 21. Ne3 Qf6 22. f3 (22. f4 $44 {Dolmatov,S}) 22... Bh6 $1 23. Rfe1 (23.
Nxf5 $2 Nxf5 24. fxe4 Be3+ 25. Kh1 Ng7) (23. f4 $6) 23... Bxe3+ 24. Rxe3 Ng6
25. Qh6 (25. fxe4 f4 $11) 25... Ke7 26. Rf1 Rab8 $13 {1/2-1/2 Almasi,
Z-Krasenkow,M/Pula 1997}) 18... O-O 19. Nc2 f4 20. Nd4 Rae8 21. a4 b4 22. Nf5
Nxf5 23. Qxf5 bxc3 24. bxc3 Qxc3 25. Ba2 Qe5 26. Qxe5 Bxe5 27. Bc4 a5 28. Bb5
Rc8 29. Rc1 Bc3 30. Rc2 Rc5 31. Rfc1 Bd4 $17 {0-1 Salmensuu,O-Horvath,C/
Budapest HUN 1999 (44)}) 17... O-O 18. g4 {First played by Nunn in 1995. Many
other moves were tried here, but it seems that Black has no major problems.} (
18. Kh1 Re8 19. Bb3 Ng6 {1/2-1/2 Palac-Shariyazdanov/Zadar1998}) (18. Bb3 a5
19. Nxb5 a4 20. Bd1 (20. Nxd6 $2 Qd7) 20... Qc5 21. Nd4 Qxd5 22. Qg5 Qe5 23. f4
Qf6 24. g4 d5 25. a3 $11 {Nunn,J-McShane,L/Hastings 1997}) (18. Bb1 Re8 19. f3
Qc5+ 20. Kh1 e3 21. Re2 $14 {Almasi,Z-McShane,L/1998} (21. Bxf5 $2 Nxf5 22.
Qxf5 e2 23. Rg1 $8 Re5 $17 {o^e, פa3})) 18... b4 19. cxb4 Nxd5 {Interesting
what Sax had in mind after 19. ...Bb2.} (19... Bxb2 20. Qg5+ Ng6 21. gxf5 Bxa3
22. fxg6 fxg6 23. Bxe4 Rf7 24. Bd3 Qc3 25. Re3 Qxb4 26. Rg3 Bb2 27. Rg4 {
1/2-1/2 Sax,G-Jelen,I/Medulin 1997/EXT 99 (27)}) 20. Qxf5 {Trying to improve
Nunn´s game. The position looks drawish anyway.} (20. gxf5 Nf6 21. Qh3 d5 22.
Kh1 Kh8 23. Rg1 Rg8 24. Bb3 Qb7 25. Nc2 Rad8 26. Nd4 Nd7 27. Qe3 Ne5 $11 {
Nunn-Reindermann, Leeuwarden 1995}) 20... Qxf5 21. gxf5 Nxb4 22. Rxe4 Rab8 $44
23. Kh1 $6 (23. Bb3 {Looks more realistic.} Bxb2 (23... d5 24. Re2 $14) (23...
Nd3 $5) 24. Rg4+ Kh8 25. Nc4 $14) 23... Rfc8 {Black wants to come with the
King on f8. Frankly speaking I don´t see what´s wrong with 21...Bb2?} (23...
Bxb2 24. Rg1+ Kh8 25. f6 (25. Rh4 f6 $19 (25... Bxa3 $2 26. f6 Nxc2 27. Rg7
Rb1+ 28. Kg2 Ne1+ 29. Kh3 $18)) 25... Nxc2 26. Nxc2 Bxf6 $17) 24. Rg4 Kf8 25.
f6 Bxf6 26. Bxh7 d5 27. Re1 Bg7 {><Na3.} 28. b3 a5 {Although White is a pawn
up, the only attempt to play for a win is to create an attack agaist Black´s
King.} 29. Reg1 Be5 30. Nb5 Ke7 31. Re1 Kf6 32. f4 Bb2 33. Nd6 {Finally White
brought the Knight into the game. But this took a long time and by exchanging
one pair of Rooks Black has little to fear.} Rc1 34. Rxc1 Bxc1 35. a4 Nc6 $132
36. Nb5 Re8 37. Rg5 Rh8 $1 38. Rxd5 (38. Bb1 $2 Rxh2+ 39. Kxh2 Bxf4+ $19) 38...
Rxh7 39. Rd6+ Kf5 40. Rxc6 Bxf4 41. Rc2 Ke4 42. Rc4+ Ke5 43. Rc2 Ke4 {Typical
for the entire game - Black´s activity compensates easily White´s material
advantage.} 44. Kg1 Be3+ 45. Kf1 f5 46. Nd6+ (46. Nd6+ Kd3 {/\46...f4~/=})
1/2-1/2